Normal view
MARC view
- Calvillo, Ana Luisa,
Entry Nombre Personal
001 - NUMERO DE CONTROL
- campo de control: 45147
003 - IDENTIFICADOR DE NUMERO DE CONTROL
- campo de control: DLC
005 - FECHA Y HORA DE LA ÜLTIMA TRANSACCIÓN
- campo de control: 20220815135831.0
008 - DATOS DE LONGITUD FIJA
- campo de control de longitud fija: 220815n| acannaab| |n aaa c
010 ## - NÚMERO DE CONTROL DE LA BIBLIOTECA DEL CONGRESO
- Número de control LC: no 98123307
035 ## - NUMERO DE CONTROL
- Número de control: (OCoLC)oca04860348
040 ## - FUENTE DE CATALOGACIÓN
- Agencia original de catalogación: FMU
- Agencia de transcripción: FMU
- Lenguaje de catalogación: spa
- Agencia que lo modifica: MX-MxUPN
046 ## - FECHAS CON CODIFICACIÓN ESPECIAL
- Fecha de nacimiento: 1970
100 1# - ENCABEZAMIENTO - NOMBRE PERSONAL
- Nombre personal: Calvillo, Ana Luisa,
- Fechas asociadas con el nombre: 1970-
670 ## - FUENTE EN LA QUE SE LOCALIZARON DATOS
- Cita de la fuente: José Agustín, 1998:
- Información localizada: portada (Ana Luisa Calvillo) solapa (b. Ciudad Nezahualcóyotl, 1970)
902 ## - CATALOGADOR
- Catalogador: NDAF/150822
